วิทยาลัยพยาบาลบรมราชชนนี ยะลา
ระบบห้องสมุดอัตโนมัติ ULIBM BCNYALA - V.6
เปลี่ยนเป็นภาษาไทย

Change to English
 แสดงรายละเอียดบรรณานุกรม
  กลับหน้าหลัก

Brief Record : Get Marc (ISO 2709) : E-mail record : QR code ปิดหน้าต่าง
แนวทางเวชปฏิบัติราชวิทยาลัยสูตินรีแพทย์แห่งประเทศไทย : นรีเวชกรรม Review โดย
ใช้งานได้ทุกระบบ
ห้องสมุดวพบ.ยะลา
ใช้งานได้ทุกระบบ เมื่อ17/มีนาคม/2569

สารบัญ

  • การดูแลรักษาโรคเยื่อบุโพรงมดลูกเจริญผิดปกติ
  • การดูแลรักษาภาวะมีบุตรยาก
  • การรักษาภาวะระดูขาวผิดปกติในสตรีวัยเจริญพันธุ์
  • การสืบค้นหาสาเหตุของภาวะเลือดออกผิดปกติจากมดลูก
  • การให้บริการเทคโนโลยีช่วยการเจริญพันธุ์ทางการแพทย์ตามพระราชบัญญัติคุ้มครองเด็กที่เกิดโดยอาศัยเทคโนโลยีช่วยการเจริญพันธุ์ทางการแพทย์ พ.ศ. 2558 ฉบับที่ 1
  • การให้บริการเทคโนโลยีช่วยการเจริญพันธุ์ทางการแพทย์ตามพระราชบัญญัติคุ้มครองเด็กที่เกิดโดยอาศัยเทคโนโลยีช่วยการเจริญพันธุ์ทางการแพทย์ พ.ศ. 2558 ฉบับที่ 2
  • การให้บริการเทคโนโลยีช่วยการเจริญพันธุ์ทางการแพทย์ตามพระราชบัญญัติคุ้มครองเด็กที่เกิดโดยอาศัยเทคโนโลยีช่วยการเจริญพันธุ์ทางการแพทย์ พ.ศ. 2558 ฉบับที่ 3
  • การตรวจคัดกรองมะเร็งปากมดลูกในสตรีที่มีภูมิคุ้มกันต่ำ
  • การวางแผนครอบครัวและคุมกำเนิดในสตรีที่มีโรคหรือภาวะทางการแพทย์ที่ซับซ้อน
  • การดูแลสุขภาพของบุคคลข้ามเพศสำหรับสูตินรีแพทย์
  • การดูแลกลุ่มอาการอวัยวะเพศและระบบขับถ่ายปัสสาวะของสตรีวัยหมดระดู
  • การผ่าตัดมดลูกผ่านกล้อง
  • การดูแลรักษากลุ่มอาการที่รังไข่มีถุงน้ำหลายใบ
  • เอกสารความรู้สำหรับผู้ป่วยและผู้รับบริการทางนรีเวชกรรม
  • การผ่าตัดมดลูก
  • การตัดไส้ติ่งแบบเลือกได้
  • การขูดมดลูกแบบแยกส่วน
  • การผ่าตัดเลาะเนื้องอกกล้ามเนื้อมดลูกผ่านหน้าท้อง
  • การทำหมันสตรี

E-books : เกี่ยวกับ Collections
LEADER 00000nam 2200000uu 4500
001    3821
003     ULIBM
008    260317s2567||||th 000 0 tha d
020    ^a9786169436645
060  0 ^aWP100^bร426น
110 0  ^aราชวิทยาลัยสูตินรีแพทย์แห่งประเทศไทย
245 00 ^aแนวทางเวชปฏิบัติราชวิทยาลัยสูตินรีแพทย์แห่งประเทศไทย : นรีเวชกรรม/^cราชวิทยาลัยสูตินรีแพทย์แห่งประเทศไทย
250    ^aนิพนธ์และเรียบเรียงครั้งที่ 4 พิมพ์ครั้งที่ 1
260    ^aกรุงเทพฯ :^bพี.เอ.ลีฟวิ่ง,^c2567.
300    ^axxviii,335 หน้า :^bภาพประกอบ ;^c26 ซม.
650  7 ^aนรีเวชวิทยา
650  7 ^aภาวะมีบุตรยาก
999    ^aฮัซวานี
รายการนี้ยังไม่มีแท็ก
คุณยังไม่ได้ล็อกอิน คุณสามารถมีกิจกรรมร่วมกับเว็บไซต์ได้ แต่ต้องล็อกอินก่อน ::
  ล็อกอิน
ลำดับที่ ประเภท เลขเรียก สถานที่ สถานะ
1. หนังสือทางการพยาบาล
หนังสือสำรอง
สถานะ=หนังสือสำรอง
WP100 ร426น 2567 ฉ.1 
  
ห้องสมุดวพบ.ยะลา
►หนังสือสำรอง
On Shelf
  ขอยืม
2. หนังสือทางการพยาบาล
หนังสือทางการพยาบาล
WP100 ร426น 2567 ฉ.2 
  
ห้องสมุดวพบ.ยะลา
►หนังสือ ตำรา ทางการพยาบาล
On Shelf
  ขอยืม
3. หนังสือทางการพยาบาล
หนังสือทางการพยาบาล
WP100 ร426น 2567 ฉ.3 
  
ห้องสมุดวพบ.ยะลา
►หนังสือ ตำรา ทางการพยาบาล
On Shelf
  ขอยืม
   [แสดง 3/3 รายการ]

รายการใกล้เคียง
    หัวเรื่อง [นรีเวชวิทยา]
    หัวเรื่อง [ภาวะมีบุตรยาก]

BibComment


ยังไม่เคยถูกคอมเมนท์

คอมเมนท์ทรัพยากรรายการนี้
  คอมเมนท์: แนวทางเวชปฏิบัติ..
Bib 3821

 
 
 

 Union Library Management : ULibM

ดูหนังออนไลน์

Copyright 2026. All Rights Reserved.